Hikayat CALAQISYA
| Main Author: | |
|---|---|
| Format: | Book |
| Published: |
Bandar Baru Bangi, Selangor:
DuBook Press,
2015.
|
| Subjects: |
| LEADER | 00565cam a2200193 7i4500 | ||
|---|---|---|---|
| 001 | 0000033104 | ||
| 005 | 20190617090000.0 | ||
| 007 | ##ta | ||
| 008 | 190617t2015 my | ||
| 020 | # | # | |a 9789670723273 |
| 090 | 0 | 0 | |a B 650.1082 |b HAZ (LRM) |
| 100 | 1 | # | |a Hazwan Faiz |e author |
| 245 | 1 | 0 | |a Hikayat CALAQISYA |c HAZWAN FAIZ. |
| 264 | # | 1 | |a Bandar Baru Bangi, Selangor: |b DuBook Press, |c 2015. |
| 300 | # | # | |a 216 pages: |b illustrations; |c 18 cm. |
| 650 | 2 | 0 | |a Success in business |
| 650 | 1 | 0 | |a Business women |
| 650 | 2 | 0 | |a Scarves |
| 999 | |a B000037431 |b Book |c Book |e Business Information Centre | ||


